Statistics for Aussie Slang

Click here to take the quiz!

General Stats

  • This quiz has been taken 108 times
  • The average score is 16 of 27

Answer Stats

HintAnswer% Correct
MateFriend
90%
maccasmacdonalds
86%
breakybreakfast
82%
hubbyhusband
82%
thongsflip flops
81%
g’dayhello
81%
howyagowinhow are you
81%
din dinsdinner
79%
rubbereraser
77%
dunnytoilet
77%
blokeman
74%
brizzybrisbane
69%
pisseddrunk
69%
shellawoman
63%
boyfieboyfriend
61%
goldyGold Coast
54%
ankle bitterskids
52%
servopetrol station
51%
rangerred head
51%
bottle obottle shop
50%
bubblerwater fountain
49%
pissed offmad
40%
Whoop whoopmiddle of nowhere
40%
smokolunch break
25%
rooskanagroos
2%
eshaysick cunt
2%
bogangrub
1%

Score Distribution

Percentile by Number Answered

Percent of People with Each Score

Your Score History

You have not taken this quiz